El origen del guadalupanismo : (Registro nro. 62516)
[ vista simple ]
| 000 -LEADER | |
|---|---|
| fixed length control field | 01106cam a2200313 i 4500 |
| 001 - CONTROL NUMBER | |
| control field | 62516 |
| 003 - CONTROL NUMBER IDENTIFIER | |
| control field | Mx-PuUPA |
| 005 - DATE AND TIME OF LATEST TRANSACTION | |
| control field | 20260416112838.0 |
| 008 - FIXED-LENGTH DATA ELEMENTS--GENERAL INFORMATION | |
| fixed length control field | 150511s1997 mx r 000 0 spa d |
| 020 ## - INTERNATIONAL STANDARD BOOK NUMBER | |
| International Standard Book Number | 9684099002 |
| 040 ## - CATALOGING SOURCE | |
| Original cataloging agency | Mx-PuUPA |
| Language of cataloging | spa |
| Transcribing agency | Mx-PuUPA |
| Modifying agency | Mx-PuUPA |
| Description conventions | rda |
| 041 0# - LANGUAGE CODE | |
| Language code of text/sound track or separate title | spa |
| 043 ## - GEOGRAPHIC AREA CODE | |
| Geographic area code | n-mx--- |
| 100 1# - MAIN ENTRY--PERSONAL NAME | |
| Personal name | Camiro Gutiérrez Zamora, Angel, |
| Relator term | autor |
| 9 (RLIN) | 387 |
| 245 13 - TITLE STATEMENT | |
| Title | El origen del guadalupanismo : |
| Remainder of title | fue Montúfar, y no Zumárraga, el padre de la devoción a la Virgen de Guadalupe / |
| Statement of responsibility, etc. | Ángel Camiro Gutiérrez Zamora |
| 250 ## - EDITION STATEMENT | |
| Edition statement | Segunda edición / |
| Remainder of edition statement | abril |
| 264 #1 - PRODUCTION, PUBLICATION, DISTRIBUTION, MANUFACTURE, AND COPYRIGHT NOTICE | |
| Place of production, publication, distribution, manufacture | México : |
| Name of producer, publisher, distributor, manufacturer | Edamex, |
| Date of production, publication, distribution, manufacture, or copyright notice | 1997 |
| 300 ## - PHYSICAL DESCRIPTION | |
| Extent | 211 páginas ; |
| Dimensions | 21 cm |
| 336 ## - CONTENT TYPE | |
| Fuente | rdacontent |
| Content type term | texto |
| Content type code | txt |
| 337 ## - MEDIA TYPE | |
| Media type term | sin medio |
| Source | rdamedia |
| Media type code | n |
| 338 ## - CARRIER TYPE | |
| Carrier type term | volumen |
| Source | rdacarrier |
| Carrier type code | nc |
| 600 04 - SUBJECT ADDED ENTRY--PERSONAL NAME | |
| Personal name | Virgen María |
| General subdivision | Culto |
| Geographic subdivision | México |
| 600 04 - SUBJECT ADDED ENTRY--PERSONAL NAME | |
| Personal name | Zumárraga, Juan de, |
| Dates associated with a name | 1468-1548 |
| 600 04 - SUBJECT ADDED ENTRY--PERSONAL NAME | |
| Personal name | Montúfar, Alonso de, |
| Dates associated with a name | 1512-1570 |
| 600 04 - SUBJECT ADDED ENTRY--PERSONAL NAME | |
| Personal name | Virgen de Guadalupe |
| Geographic subdivision | México |
| General subdivision | Historia de la iglesia |
| Chronological subdivision | Siglo VI |
| 942 ## - ADDED ENTRY ELEMENTS (KOHA) | |
| Source of classification or shelving scheme | Dewey Decimal Classification |
| Koha item type | Libro |
| Classification part | 232.917 |
| Item part | C73 |
| Withdrawn status | Lost status | Source of classification or shelving scheme | Damaged status | Not for loan | Collection code | Home library | Current library | Shelving location | Date acquired | Source of acquisition | Total Checkouts | Full call number | Barcode | Date last seen | Price effective from | Koha item type |
|---|---|---|---|---|---|---|---|---|---|---|---|---|---|---|---|---|
| Dewey Decimal Classification | General | Centro de Estudios Guadalupanos | Centro de Estudios Guadalupanos | Sala general | 11/05/2015 | Compra | 232.917 C73 1997 | 93889 | 05/01/2026 | 11/05/2015 | Libro |